| 000 | 00000nas 2200000zi 4500 |
| 001 | 9.501017 |
| 003 | CaOODSP |
| 005 | 20250611103450 |
| 006 | m |o d f |
| 007 | cr ||||||||||| |
| 008 | 150406d20072011nkcar p o f0 b0fre|d |
| 022 | |y1928-7801 |
| 040 | |aCaOODSP|bfre|erda|cCaOODSP |
| 043 | |an-cn--- |
| 086 | 1 |aA47-8F-PDF |
| 245 | 00|aPommes de terre, banque de gènes. |
| 264 | 1|a[Fredericton, N.-B. : |bCentre de recherches sur la pomme de terre, Agriculture et agroalimentaire Canada, |c[2007-2011] |
| 310 | |aAnnuel |
| 336 | |atexte|btxt|2rdacontent/fre |
| 337 | |ainformatique|bc|2rdamedia/fre |
| 338 | |aressource en ligne|bcr|2rdacarrier/fre |
| 362 | 1 |aParaît depuis numéro 14 (2007); ne paraît plus après le no 18 (2011). |
| 500 | |aPublié aussi en anglais sous le titre : Potato gene resources. |
| 520 | 3 |aIl contient de l’information sur le matériel génétique conservé dans la collection et sur les questions liées à la diversité du matériel génétique. |
| 650 | 6|aPomme de terre|zCanada|xRessources génétiques|vPériodiques. |
| 651 | 6|aCanada. |
| 655 | 7|aPériodiques|2rvmgf |
| 710 | 1 |aCanada. |bAgriculture et agroalimentaire Canada, |eorganisme de publication. |
| 710 | 2 |aCentre de recherches sur la pomme de terre (Canada), |eorganisme de publication. |
| 775 | 08|tPotato gene resources. |w(CaOODSP)9.504603 |
| 776 | 0#|tBulletin de la Banque de gènes de pomme de terre / |w(CaOODSP)9.514046 |
| 780 | 00|tBulletin de la Banque de gènes de pomme de terre / |w(CaOODSP)9.876679 |
| 785 | 00|tBanque de gènes de pommes de terre. |w(CaOODSP)9.901632 |